[Event "GER-chT KG-32 email"]
[Site "GER email"]
[Date "2007.10.25"]
[Round "?"]
[White "Just, Dennis"]
[Black "Klaiber, Reiner"]
[Result "0-1"]
[WhiteElo "2000"]
[BlackElo "2024"]
[PlyCount "44"]
[EventDate "2007.??.??"]
[EventType "tourn (corr)"]
[EventRounds "4"]
[EventCountry "GER"]
[SourceTitle "Corr 2011"]
[Source "ChessBase"]
[SourceDate "2010.08.31"]
[SourceVersion "1"]
[SourceVersionDate "2010.08.31"]
[SourceQuality "1"]

1. d4 d5 2. c4 e6 3. Nc3 Nf6 4. Bg5 Be7 5. cxd5 exd5 6. Nf3 0-0 7. Qc2 c6 8. e3 Nbd7 9. Bd3 h6 10. Bh4 Re8 11. 0-0 Ne4 12. Bxe7 Qxe7 13. Rfe1 Nf8 14. Ne5 f6 15. f3 Nxc3 16. Ng6 Nxg6 17. Bxg6 Nb5 18. Bxe8 Qxe8 19. a4 Nd6 20. e4 dxe4 21. fxe4 Be6 22. Rad1 Qg6 0-1

[Event "Gelsenkirchen-ch U16"]
[Site "Gelsenkirchen"]
[Date "2003.06.05"]
[Round "5"]
[White "Klobuschinski, Lukas"]
[Black "Just, Dennis"]
[Result "1-0"]
[WhiteElo "1342"]
[BlackElo "1040"]
[PlyCount "55"]
[EventDate "2003.05.??"]
[EventType "swiss"]
[EventRounds "9"]
[EventCountry "GER"]
[SourceTitle "EXT 2005"]
[Source "ChessBase"]
[SourceDate "2004.11.15"]
[SourceVersion "1"]
[SourceVersionDate "2004.11.15"]
[SourceQuality "1"]

1. e4 e5 2. Nf3 d6 3. Nc3 f5 4. d4 fxe4 5. Nxe4 Nc6 6. dxe5 dxe5 7. Qxd8+ Kxd8 8. Bc4 h6 9. 0-0 Bd6 10. Nxd6 cxd6 11. Rd1 Kd7 12. Bb5 Kc7 13. Be3 Nb4 14. a3 Nxc2 15. Rac1 Bf5 16. Ba4 Kd8 17. Bxc2 Bxc2 18. Rxc2 Nf6 19. Rxd6+ Ke7 20. Rd1 Rhd8 21. Rxd8 Rxd8 22. h3 Rd1+ 23. Kh2 g5 24. Nxe5 Ke6 25. Ng4 Ne4 26. Re2 h5 27. Nh6 Ke5 28. Bxg5 1-0

[Event "Gelsenkirchen-ch U16"]
[Site "Gelsenkirchen"]
[Date "2003.05.08"]
[Round "2"]
[White "Butschek, Marc"]
[Black "Just, Dennis"]
[Result "1-0"]
[WhiteElo "1040"]
[BlackElo "1165"]
[PlyCount "147"]
[EventDate "2003.05.??"]
[EventType "swiss"]
[EventRounds "9"]
[EventCountry "GER"]
[SourceTitle "EXT 2005"]
[Source "ChessBase"]
[SourceDate "2004.11.15"]
[SourceVersion "1"]
[SourceVersionDate "2004.11.15"]
[SourceQuality "1"]

1. d4 d5 2. Nc3 e6 3. Nf3 c5 4. dxc5 Bxc5 5. Bf4 a6 6. e3 Nf6 7. Bd3 Nc6 8. 0-0 0-0 9. Bg5 h6 10. Bh4 Bb4 11. a3 Bxc3 12. bxc3 Na5 13. Rb1 Re8 14. Ne5 b5 15. Ng4 g5 16. Bg3 Nxg4 17. Qxg4 Qf6 18. e4 Ra7 19. exd5 exd5 20. Rbe1 Bxg4 21. Rxe8+ Kg7 22. Be5 Rc7 23. Bxf6+ Kxf6 24. Ra8 Bc8 25. Bxb5 Rxc3 26. Bxa6 Bxa6 27. Rxa6+ Nc6 28. Rc1 Kg7 29. h3 Nd4 30. Kh2 Nxc2 31. Rd6 Rc5 32. a4 f6 33. a5 Kf7 34. a6 Ke7 35. a7 Ra5 36. Rc6 Nb4 37. Rc7+ Kd6 38. Rb7 Nd3 39. Rc8 Nc5 40. Rb6+ Ke5 41. a8Q Rxa8 42. Rxa8 d4 43. Rd8 Nd3 44. Rbd6 Nxf2 45. Rxd4 Kf5 46. g4+ Kg6 47. R4d7 h5 48. gxh5+ Kxh5 49. Rh8+ Kg6 50. Rg8+ Kf5 51. Kg2 Ne4 52. Kf3 Ke6 53. Kxe4 Kxd7 54. Rg6 Ke6 55. h4 gxh4 56. Rh6 h3 57. Rxh3 Ke7 58. Kf5 Kd6 59. Kxf6 Kd5 60. Rh4 Kd6 61. Rd4+ Kc5 62. Ke5 Kc6 63. Rd1 Kc7 64. Ke6 Kc8 65. Ke7 Kc7 66. Rc1+ Kb6 67. Kd6 Kb5 68. Rc8 Kb6 69. Rb8+ Ka7 70. Kc7 Ka6 71. Kc6 Ka7 72. Rb1 Ka8 73. Kc7 Ka7 74. Ra1# 1-0